000 00667nam a2200145Ia 4500
008 151213s9999 xx 000 0 und d
100 _aসমুহা: আমীরুজ্জামান খান।
245 _aব্যবহস্থাপনায় গবেষণায় পদ্দতি
_cসমুহা: আমীরুজ্জামান খান।
260 _aঢাকা
_bবিশ্ববিদ্যালয় মঞ্জুরী কমিশন।
_c2007
300 _a4397 p.
650 _aBangla
650 _aপদ্ধতি
700 _aসমুহা: আমীরুজ্জামান খান।
999 _c2789
_d2789